Avril Lavigne Songs - Statistics

General Stats
  • This quiz has been taken 14 times
  • The average score is 10 of 15
Answers on the Grid
Answers color-coded by a green-red scale on the quiz's grid according to % correct below.
Sk8ter Boy
Head Over Feet
Losing Grip
Ironic
Not as We
Girlfriend
Complicated
Woman Down
Hand in My Pocket
Flinch
Push
I'm a Mess
You Learn
Your House
He Wasn't
I Will Be
Guardian
Everybody Hurts
Empathy
Hot
Celebrity
The Bottom Line
Hello Kitty
Bad Girl
So Unsexy
Mary Jane
Alice
Hands Clean
Don't Tell Me
Head Above Water
 
Answer Stats
Answer % Correct
Sk8ter Boy
100%
Hello Kitty
92%
Complicated
83%
Girlfriend
75%
Head Above Water
67%
Alice
58%
Bad Girl
58%
Don't Tell Me
58%
He Wasn't
58%
Hot
58%
I'm a Mess
58%
Losing Grip
58%
Push
50%
I Will Be
42%
Everybody Hurts
33%
No matching quizzes found
Score Distribution
Percent of People with Each Score
Percentile by Number Answered
Your Score History
You have not taken this quiz